000 00825cam a22002411 4500
001 he 67001064
003 DLC
005 20260227111447.0
008 830721s1963 is 000 0 heb
010 _ahe 67001064
035 _a(OCoLC)19144666
040 _aDLC
_cMH
_dDLC
042 _apremarc
050 0 0 _aBM520.88.A55
_bE9 1878a
100 1 _aEybeschuetz, Jonathan,
_d-1764.
245 1 0 _aKereti u-feleti :
_bʻal Shulḥan ʻarukh Yoreh deʻah.
260 _aTel Aviv ;
_aNew York :
_bMekhon Rabenu Yosef Neḥemyah Ḳornitser,
_c724 [1963 or 1964]
300 _a2 v. in 1 ;
_c32 cm.
500 _aPhoto-offset of Warsaw, 1878 ed.
600 1 0 _aKaro, Joseph ben Ephraim,
_d1488-1575.
_tShulḥan ʻarukh.
_pYoreh deʻah
_xCommentaries.
752 _aUnited States
_bNew York
_dNew York
752 _aIsrael
_dTel Aviv
999 _c32411
_d32411